Bài toán phân bố số nguyên tố Chebyshev
Các hàm Л, li và Riemann ζ; Định lý Chebyshev về sự phân bố các số nguyên tố; Một số định lý về sự phân bố các số nguyên tố.
Salvato in:
| Autore principale: | |
|---|---|
| Altri autori: | |
| Natura: | Libro |
| Lingua: | Vietnamese |
| Pubblicazione: |
Đà Nẵng
Đại học Đà Nẵng
2013
|
| Soggetti: | |
| Tags: |
Aggiungi Tag
Nessun Tag, puoi essere il primo ad aggiungerne! !
|
| Thư viện lưu trữ: | Mạng thư viện Đại học Đà Nẵng |
|---|
| LEADER | 01594nam a2200349 4500 | ||
|---|---|---|---|
| 001 | 000019414 | ||
| 003 | 15849 | ||
| 005 | 20140429090407.0 | ||
| 008 | 140429s2013 viesd | ||
| 041 | |a vie | ||
| 082 | 1 | 4 | |a 512.723 |b NG-A |
| 100 | |a Nguyễn Thị Phương Anh | ||
| 245 | |a Bài toán phân bố số nguyên tố Chebyshev |c Nguyễn Thị Phương Anh ; Nguyễn Gia Định hướng dẫn. |k Luận văn Thạc sĩ | ||
| 260 | |a Đà Nẵng |b Đại học Đà Nẵng |c 2013 | ||
| 300 | |a 67 tr., phụ lục 4 tr. |c 29 cm. |e Tóm tắt | ||
| 500 | |a Luận văn thạc sĩ Khoa học. Chuyên ngành: Phương pháp toán sơ cấp. Mã số: 60.46.40. | ||
| 520 | |a Các hàm Л, li và Riemann ζ; Định lý Chebyshev về sự phân bố các số nguyên tố; Một số định lý về sự phân bố các số nguyên tố. | ||
| 650 | 0 | 4 | |a Số nguyên tố Chebyshev. |v Luận văn tốt nghiệp |x Nghiên cứu |
| 653 | |a Số nguyên tố Chebyshev. | ||
| 653 | |a Phương pháp toán sơ cấp | ||
| 653 | |a Toán học | ||
| 700 | 1 | |a Nguyễn Gia Định |c PGS.TS |e Hướng dẫn | |
| OWN | |a LSP | ||
| AVA | |a UDN50 |b LSP |d 512.723 NG-A |e available |t Error 5001 Not defined in file expand_doc_bib_avail. |f 1 |g 0 |h N |i 0 |k 1 | ||
| 999 | |a From the UDN01 | ||
| AVA | |a UDN50 |b LSP |d 512.723 NG-A |e available |t Error 5001 Not defined in file expand_doc_bib_avail. |f 1 |g 0 |h N |i 0 |k 1 | ||
| TYP | |a Monograph | ||
| TYP | |a Printed language | ||
| 980 | |a Mạng thư viện Đại học Đà Nẵng | ||